| 000 | 00601nam a22001937a 4500 | ||
|---|---|---|---|
| 999 |
_c188416 _d188416 |
||
| 005 | 20220520160317.0 | ||
| 010 | _aENG-132761 | ||
| 020 |
_a9789380695266 _c60.00 |
||
| 035 | _aEN-116293 | ||
| 037 | _bDBAD/PUB | ||
| 082 | _2215 | ||
| 100 | _aTirtha, Swami Bhoomananda | ||
| 245 |
_aWorshipping The Lord Within/ _cSwami Bhoomananda Tirtha |
||
| 260 |
_aNew Delhi _bAditya Prakashan _c2012 |
||
| 270 |
_a2/18, Ansari Road _bNew Delhi _e110002 _mcontact@adityaprakashan.com |
||
| 300 |
_axii, 307p. _c22cm(hbk) |
||
| 700 | _aMukhopadhyaya, Satkari | ||
| 942 |
_2ddc _cEN _h250.52 _mTHE |
||